000 00416pab a2200157 454500
008 180718b1998 xxu||||| |||| 00| 0 eng d
100 _aRajpuria, Kalyan
245 _aIndia's foreign economic policy: challenges and perspectives
260 _c1998
300 _ap.153-82
362 _aJul-Dec
650 _aIndia - Economic policy
650 _aEconomic policy
773 _aSouth Asian Survey
909 _a40011
999 _c40011
_d40011